| 000 | 00897nam a2200241 a 4500 | ||
|---|---|---|---|
| 001 | BRCA_2966 | ||
| 005 | 20190320204040.0 | ||
| 008 | 171208s1900----mx-a---###---#000-0#spa-u | ||
| 041 | _aspa | ||
| 044 | _amx | ||
| 050 | 4 |
_aF1386 _b.M37 1 1900 |
|
| 100 | 1 |
_aMarroqui, José María _d1824-1898 _98226 |
|
| 245 | 1 | 0 |
_aLa ciudad de México _bcontiene el origen de los nombres de muchas de sus calles y plazas, del de varios establecimientos públicos y privados, y no pocas noticias curiosas y entretenidas _cJosé María Marroqui. |
| 260 |
_aMéxico _bTip. y Lit. La Europea de J. Aguilar Vera y Cia. _c1900 |
||
| 300 |
_a636 p. (v.1) _bil. _c28 cm. |
||
| 500 | _aVer C42 para v.2 y v.3 | ||
| 500 | _aB109 | ||
| 651 | 4 |
_aMéxico (Ciudad) _xCalles _98227 |
|
| 651 | 4 |
_aMéxico (Ciudad) _xCasas históricas _98228 |
|
| 651 | 4 |
_aMéxico (Ciudad) _xDescripción _96858 |
|
| 902 | _aGFM | ||
| 942 |
_2lcc _cB |
||
| 999 |
_c2705 _d2705 |
||